000 00644cam a2200241 4500
008 090401t1990 xxu||||| |||| 00| 0 eng d
020 _a0117522856
035 _a(Sirsi) u41427
041 _aeng
050 _a711.1
110 _aUnited Kingdom
_bDepartment of the Environment
_9982
245 _aPlanning guidance: index of current planning guidance
260 _aLondon
_bHMSO
_c1990
300 _a(19)p. ; 30cm.
350 _a3.35
650 _aCIRCULARS
650 _aINDEXES
650 _aPLANNING POLICY GUIDANCE
650 _aPLANNING
710 _aUnited Kingdom
_bWelsh Office
_91214
942 _n0
948 _c04/03/1997
999 _c90933
_d90933